<?xml version="1.0" encoding="UTF-8" ?>
<collection xmlns="http://www.loc.gov/MARC21/slim"><record><leader>01243nam a2200277   4500</leader><controlfield tag="001">48012</controlfield><controlfield tag="003">CH-000273-5</controlfield><controlfield tag="005">20190211131623.0</controlfield><datafield tag="035" ind1=" " ind2=" "><subfield code="a">(OCoLC)906902653</subfield></datafield><datafield tag="040" ind1=" " ind2=" "><subfield code="a">CH-000273-5</subfield><subfield code="b">ger</subfield><subfield code="e">rda</subfield></datafield><datafield tag="041" ind1=" " ind2=" "><subfield code="a">ger</subfield></datafield><datafield tag="100" ind1="1" ind2="0"><subfield code="a">Koller, Rudolf</subfield><subfield code="d">1828-1905</subfield><subfield code="e">Künstler</subfield><subfield code="4">art</subfield></datafield><datafield tag="245" ind1="0" ind2="0"><subfield code="a">Katalog der Rudolf Koller Jubiläums-Austellung in Zürich</subfield><subfield code="b">Künstlerhaus, Börsensaal und Atelier am Zürichhorn vom 1. Mai bis 12. Juni 1898</subfield><subfield code="c">Zürcher Kunst-Gesellschaft</subfield></datafield><datafield tag="246" ind1="3" ind2="4"><subfield code="a">Rudolf Koller Jubiläums-Austellung</subfield></datafield><datafield tag="264" ind1="0" ind2="1"><subfield code="a">[Zürich]</subfield><subfield code="b">[Zürcher Kunstgesellschaft]</subfield><subfield code="c">[1898]</subfield></datafield><datafield tag="300" ind1=" " ind2=" "><subfield code="a">26 Seiten</subfield><subfield code="b">Illustrationen, schwarz-weiss</subfield><subfield code="c">19,7 cm</subfield></datafield><datafield tag="336" ind1=" " ind2=" "><subfield code="a">Text</subfield><subfield code="b">txt</subfield><subfield code="2">rdacontent</subfield></datafield><datafield tag="336" ind1=" " ind2=" "><subfield code="a">unbewegtes Bild</subfield><subfield code="b">sti</subfield><subfield code="2">rdacontent</subfield></datafield><datafield tag="337" ind1=" " ind2=" "><subfield code="a">ohne Hilfsmittel zu benutzen</subfield><subfield code="b">n</subfield><subfield code="2">rdamedia</subfield></datafield><datafield tag="338" ind1=" " ind2=" "><subfield code="a">Band</subfield><subfield code="b">nc</subfield><subfield code="2">rdacarrier</subfield></datafield><datafield tag="600" ind1="1" ind2="7"><subfield code="a">Koller, Rudolf</subfield><subfield code="d">1828-1905</subfield><subfield code="v">Ausstellung</subfield><subfield code="2">gnd</subfield></datafield><datafield tag="655" ind1="0" ind2="7"><subfield code="a">Ausstellungskatalog</subfield><subfield code="x">Künstlerhaus Zürich</subfield><subfield code="y">01.05.1898-12.06.1898</subfield><subfield code="z">Zürich</subfield><subfield code="2">gnd-content</subfield></datafield><datafield tag="710" ind1="2" ind2="0"><subfield code="a">Künstlerhaus Zürich</subfield><subfield code="e">Veranstalter</subfield><subfield code="4">orm</subfield></datafield><datafield tag="710" ind1="2" ind2="0"><subfield code="a">Zürcher Kunstgesellschaft</subfield><subfield code="e">Herausgebendes Organ</subfield><subfield code="4">isb</subfield></datafield><datafield tag="852" ind1="4" ind2="0"><subfield code="a">CH-000273-5</subfield><subfield code="c">a3/Z 80:18980501</subfield></datafield><datafield tag="856" ind1="4" ind2="1"><subfield code="u">https://digital.kunsthaus.ch:443/viewer/image/48012/1/</subfield><subfield code="y">Kunsthaus Zürich Sammlungen online</subfield></datafield></record></collection>